000 00594nam a2200229Ia 4500
003 OSt
005 20220918231442.0
006 a|||||r|||| 00| 0
007 ta
008 220917b |||||||| |||| 00| 0 eng d
024 _a285,801
037 _cTextual
040 _aARTS
_cARTS
_beng
041 _2eng
_aeng
082 _aV2:73, L7;2
100 _aChattopadhyay, Bhaskar
245 0 _aCoins and icons- a study of math and symbols in india
260 _c1977
650 _aHISTORY
942 _hV2:73, L7;2
_cTEXL
_2CC
999 _c291251
_d291251